00861nam a2200217 a 450000100100000000500170001000800410002702000150006804000250008310000250010824500840013326000420021730000200025949000350027950000730031450400310038771000610041883000420047995201050052199900170062600004334620250909091243.0140310s1989 sp 000 0 spa d a8472325113 aDO-SdBNPbspacBNPHU1 aMontiel, Luis97098410aCon los ojos de Perséfone :buna lectura de Ernesto Sábato /cLuis Montiel. aMadrid :bCultura Hispánica,c1989. a95 p. ;c25 cm.1 aCuaderno de Documentaciónv2 aIncluye referencias bibliográficas y notas al pie de las páginas aBibliografía : p. 93- 952 aAgencia Española de Cooperación Internacional934585 0aCuaderno de Documentaciónv2970986 001050718MOaGRbGRcCTd2014-03-10iLF1l0o p43346-10r2020-06-25w2020-06-25y1ZNo se presta c42835d42835